| 000 | 00382 a2200145 4500 | ||
|---|---|---|---|
| 020 | _a9695190146 | ||
| 082 | _a297.420 | ||
| 090 |
_c6014 _d6014 |
||
| 100 | _aNasr,Seyyed Hossein. | ||
| 245 |
_aEncyclopaedia of Islamic Spirituality. _cSeyyed Hossein Nasr. |
||
| 260 |
_aLahore _bSuhail Academy. _c2005. |
||
| 300 | _a548p. | ||
| 500 | _aHardcover. | ||
| 942 |
_aNBS _cBK _k297.420 SEY |
||
| 999 |
_c348403 _d348403 |
||